000 00662nam a2200241Ia 4500
003 OSt
005 20220918175927.0
006 a|||||r|||| 00| 0
007 ta
008 220917b |||||||| |||| 00| 0 eng d
024 _a19,718
037 _cTextual
040 _aARTS
_cARTS
_beng
041 _2eng
_aeng
082 _aO:3L83w, F6
100 _aIrving Washington
_922807
245 0 _aDiary, Spain 1828-1829 ed by Clara L
_bouisa Penney
260 _c1926
490 _aHispanic notes and monographs catalouge series
650 _aENGLISH LITERATURE
942 _hO:3L83w, F6
_cTEXL
_2CC
999 _c159594
_d159594